China's Neighbours - Sudden Death - Statistics

General Stats
  • This quiz has been taken 149,103 times
  • The average score is 8 of 14
Answers on the Grid
Answers color-coded by a green-red scale on the quiz's grid according to % correct below.
Afghanistan
Azerbaijan
Bangladesh
Bhutan
Cambodia
Denmark
Egypt
France
India
Iran
Japan
Jordan
Kazakhstan
Kyrgyzstan
Laos
Mongolia
Myanmar
Nepal
North Korea
Pakistan
Russia
Seychelles
Singapore
South Korea
Tajikistan
Thailand
Turkmenistan
Vietnam
 
Answer Stats
Answer % Correct
Russia
71%
Mongolia
70%
North Korea
68%
India
67%
Nepal
64%
Bhutan
57%
Vietnam
55%
Kazakhstan
48%
Myanmar
46%
Afghanistan
44%
Kyrgyzstan
43%
Pakistan
43%
Laos
41%
Tajikistan
37%
No matching quizzes found
Score Distribution
Percent of People with Each Score
Percentile by Number Answered
Your Score History
You have not taken this quiz